Ο Οδηγός της Microsoft για το EXCEL 5 : for Windows
Saved in:
| Main Authors: | , , |
|---|---|
| Corporate Author: | |
| Other Authors: | |
| Format: | Book |
| Language: | Greek English |
| Published: |
Αθήνα :
Κλειδάριθμος,
c1994.
|
| Subjects: | |
| Tags: |
Add Tag
No Tags, Be the first to tag this record!
|
MARC
| LEADER | 00000cam a2200000 i 4500 | ||
|---|---|---|---|
| 001 | 1/56385 | ||
| 008 | 951103t1994####gr | ||| |||| ||gre|| | ||
| 020 | |a 9603320226 | ||
| 035 | |1 ΕΛΗ |a 1995 |b 2510 |c ΚΑΤΣΙΚΑΣ |l 10045546 | ||
| 040 | |a GR-MyUA |b gre |e AACR2 | ||
| 041 | 1 | |a gre |h eng | |
| 082 | 0 | |a 005.3 | |
| 110 | 2 | |a The COBB Group. | |
| 245 | 1 | 2 | |a Ο Οδηγός της Microsoft για το EXCEL 5 : |b for Windows / |c The COBB Group και οι Mark Dodge, Crhis Kinata, Graig Stinson ; μετάφραση Παναγιώτης Δρεπανιώτης...[κ.α.] |
| 260 | |a Αθήνα : |b Κλειδάριθμος, |c c1994. | ||
| 300 | |a 1062 σ. ; |c 24 εκ. | ||
| 500 | |a Περιέχει ευρετήριο. | ||
| 500 | |a Τίτλος πρωτοτύπου: Running Excel 5 for Windows. | ||
| 630 | 0 | 0 | |a Microsoft Excel (Computer file) |
| 650 | 0 | 0 | |a Electronic spreadsheets. |
| 650 | 0 | 0 | |a Windows. |
| 700 | 1 | |a Dodge, Mark, |e aut | |
| 700 | 1 | |a Kinata, Chris, |e aut | |
| 700 | 1 | |a Stinson, Craig, |d 1943- |e aut | |
| 700 | 1 | |a Δρεπανιώτης, Παναγιώτης, |e trl | |
| 852 | |a INST |b SAMOS |e 19951103 |h 005.3 COB |p 005300010083 |q 005300010083 |t BK |y 0 | ||
| 909 | |a Σ |b 043168 | ||